000 00617nam a2200193Ia 4500
003 GCL
008 140319s9999 xx 000 0 ara d
040 _aGCL /
_cGCL
082 0 4 _a637
_bم ا
100 1 _aمحمد على شاكر
245 1 0 _aالالبان: انتاجها ومنتجاتها صناعيا- منزلية- اقتصادية-صحيا /
_cمحمد على شاكر
260 _a[S.N] :
_bدار الفكر العربى ،
_c1993
300 _a299 ص
490 _a
650 0 4 _aالالبان
650 0 4 _aمنتجات الالبان
650 0 4 _aمزارع الالبان
942 _2ddc
_cBK
999 _c45271
_d45271